000 01201nam a2200265Ia 4500
003 GCL
008 140319s9999 xx 000 0 ara d
020 _a8006267977
040 _aGCL /
_cGCL
082 0 4 _a365.45
_bا م
100 1 _aابراهيم ابوالهيجاء
245 1 0 _aالمنسيون فى غياهب الاعتقال الصيهونى :
_bمرآة ترصد الجوانب القانونية والانسانية والرقمية بقالب تقريرى وتحليلى عن اوضاع واحوال المعتقلين الفلسطينين فى سجون الاحتلال الصهيونى /
_cابراهيم ابوالهيجاء
250 _aالاولى
260 _aالقاهرة :
_bمركز الاعلام العربى ،
_c2004
300 _a312 ص ؛
_c20 سم
650 0 4 _aالنزاع العربى الاسرائيلى
650 0 4 _aالانتفاضة الفلسطينية
650 0 4 _aالاعتقال
650 0 4 _aالتعذيب
650 0 4 _aالسجون السياسية
650 0 4 _aالمعتقلون الفلسطينيون
650 0 4 _aالسجون السياسية - فلسطين
650 0 4 _aالاطفال المعتقلون
942 _2ddc
_cBK
999 _c8955
_d8955